Catalog

Record Details

Catalog Search



The replacement wife : a novel  Cover Image Book Book

The replacement wife : a novel / Darby Kane.

Kane, Darby,: (author.).

Summary:

"Can one man be that unlucky? Elisa Wright is a mom and wife, living a nice, quiet life in a nice, quiet town. She's also convinced her brother-in-law is a murderer. Josh has one dead wife and one missing fiancée, and though he grieved for them he starts dating someone new. Elisa fears for that woman's safety, and she desperately wants to know what happened to her friend, Josh's missing fiancée. Searching for clues means investigating her own family. And she doesn't like what she finds. A laptop filled with incriminating information. Other women. But when Elisa becomes friends with Josh's new girlfriend and starts to question things she thinks are true, Elisa wonders if the memories of a horrible incident a year ago have finally pushed her over the edge and Josh is really innocent. With so much at stake, Elisa fights off panic attacks and a strange illness. Is it a breakdown or something more? The race is on to get to the truth before another disappearance because there's a killer in the family...or is there?"-- Provided by publisher.

Record details

  • ISBN: 9780063117808
  • ISBN: 0063117800
  • ISBN: 9780063119680
  • ISBN: 0063119684
  • ISBN: 9780063205413
  • ISBN: 0063205416
  • Physical Description: 406 pages ; 24 cm
  • Edition: First edition.
  • Publisher: New York, NY : William Morrow, an imprint of HarperCollins Publishers, [2021]
Subject: Family secrets > Fiction.
Missing persons > Investigation > Fiction.
Psychic trauma > Fiction.
Widowers > Fiction.
Secrets.
Murder.
Family members.
Genre: Thrillers (Fiction)
Detective and mystery fiction.
Psychological fiction.

Available copies

  • 1 of 1 copy available at scottsboropl.

Holds

  • 0 current holds with 1 total copy.
Show Only Available Copies
Location Call Number / Copy Notes Barcode Shelving Location Status Due Date
scottsboropl F Kan 32269001189243 Adult - Fiction Available -

LDR 04685cam a2200877 i 4500
001158042
003SBPL
00520220404210500.0
008211217s2021 nyu 000 f eng
010 . ‡a 2021059679
020 . ‡a9780063117808 ‡qpaperback
020 . ‡a0063117800 ‡qpaperback
020 . ‡a9780063119680 ‡qhardcover library edition
020 . ‡a0063119684 ‡qhardcover library edition
020 . ‡a9780063205413 ‡qinternational edition
020 . ‡a0063205416 ‡qinternational edition
035 . ‡a(OCoLC)1244535968 ‡z(OCoLC)1273600394 ‡z(OCoLC)1293877363 ‡z(OCoLC)1297029540
05000. ‡aPS3604.I467 ‡bR47 2021
08200. ‡a813/.6 ‡223
1001 . ‡aKane, Darby,: ‡eauthor.
24514. ‡aThe replacement wife : ‡ba novel / ‡cDarby Kane.
250 . ‡aFirst edition.
264 1. ‡aNew York, NY : ‡bWilliam Morrow, an imprint of HarperCollins Publishers, ‡c[2021]
300 . ‡a406 pages ; ‡c24 cm
336 . ‡atext ‡btxt ‡2rdacontent
337 . ‡aunmediated ‡bn ‡2rdamedia
338 . ‡avolume ‡bnc ‡2rdacarrier
520 . ‡a"Can one man be that unlucky? Elisa Wright is a mom and wife, living a nice, quiet life in a nice, quiet town. She's also convinced her brother-in-law is a murderer. Josh has one dead wife and one missing fiancée, and though he grieved for them he starts dating someone new. Elisa fears for that woman's safety, and she desperately wants to know what happened to her friend, Josh's missing fiancée. Searching for clues means investigating her own family. And she doesn't like what she finds. A laptop filled with incriminating information. Other women. But when Elisa becomes friends with Josh's new girlfriend and starts to question things she thinks are true, Elisa wonders if the memories of a horrible incident a year ago have finally pushed her over the edge and Josh is really innocent. With so much at stake, Elisa fights off panic attacks and a strange illness. Is it a breakdown or something more? The race is on to get to the truth before another disappearance because there's a killer in the family...or is there?"-- ‡cProvided by publisher.
650 0. ‡aFamily secrets ‡vFiction.
650 0. ‡aMissing persons ‡xInvestigation ‡vFiction.
650 0. ‡aPsychic trauma ‡vFiction.
650 0. ‡aWidowers ‡vFiction.
650 0. ‡aSecrets.
650 0. ‡aMurder.
650 0. ‡aFamily members.
655 7. ‡aThrillers (Fiction) ‡2lcgft
655 7. ‡aDetective and mystery fiction. ‡2lcgft
655 7. ‡aPsychological fiction. ‡2lcgft
901 . ‡a158042 ‡b ‡c158042 ‡tbiblio

Additional Resources